[Event "VIII Festival A"]
[Site "Montecatini Terme ITA"]
[Date "1999.08.07"]
[Round "8"]
[White "Belotti, Bruno"]
[Black "Horvath, Jozsef"]
[Result "1/2-1/2"]
[WhiteElo "2423"]
[BlackElo "2526"]
[PlyCount "62"]
[EventDate "1999.07.31"]

1.e4 c5 2.Nf3 Nc6 3.d4 cxd4 4.Nxd4 Qc7 5.Nc3 e6 6.f4 Nxd4 7.Qxd4 a6 8.Be3 
b5 9.O-O-O Bb7 10.Be2 Rc8 11.Rd2 Nf6 12.Bf3 Be7 13.Rhd1 O-O 14.e5 b4 15.
Na4 Bxf3 16.gxf3 Nd5 17.Nb6 Nxb6 18.Qxb6 Qc4 19.b3 Qc3 20.Qd4 h5 21.Kb1 
Rfd8 22.Qe4 Qc6 23.f5 exf5 24.Qxf5 g6 25.Rg1 Bf8 26.Rd6 Bxd6 27.Rxg6+ fxg6
28.Qxg6+ Kh8 29.Qh6+ Kg8 30.Qg6+ Kh8 31.Qh6+ Kg8 1/2-1/2

[Event "VIII Festival A"]
[Site "Montecatini Terme ITA"]
[Date "1999.08.07"]
[Round "8"]
[White "Del Rio Angelis, Salvador Gabriel"]
[Black "Lputian, Smbat G."]
[Result "0-1"]
[WhiteElo "2471"]
[BlackElo "2625"]
[PlyCount "68"]
[EventDate "1999.07.31"]

1.e4 c5 2.Nf3 e6 3.d3 d5 4.Qe2 Nf6 5.g3 b6 6.e5 Nfd7 7.Bg2 c4 8.dxc4 Ba6 
9.Nbd2 Nc6 10.O-O Rc8 11.Qe3 Nb4 12.Qf4 Bxc4 13.Rd1 Be2 14.Ng5 Qe7 15.Nge4
dxe4 16.Nxe4 Bxd1 17.Nd6+ Kd8 18.Qxb4 Bxc2 19.Qb5 Rc7 20.Bf4 h6 21.Rc1 g5 
22.Nb7+ Kc8 23.Nd6+ Kd8 24.Nb7+ Kc8 25.Nd6+ Kb8 26.Qe2 gxf4 27.Qf3 Be4 28.
Rxc7 Qxd6 29.Rb7+ Kc8 30.Qxe4 Qd1+ 31.Bf1 Qd5 32.Qxd5 exd5 33.Rxa7 Nxe5 
34.gxf4 Rg8+ 0-1

[Event "VIII Festival A"]
[Site "Montecatini Terme ITA"]
[Date "1999.08.07"]
[Round "8"]
[White "Dervishi, Erald"]
[Black "Gorbatov, Alexej"]
[Result "0-1"]
[WhiteElo "2496"]
[BlackElo "2353"]
[PlyCount "120"]
[EventDate "1999.07.31"]

1.e4 e5 2.Nf3 Nc6 3.Bb5 Nf6 4.O-O Nxe4 5.d4 Nd6 6.Bxc6 dxc6 7.dxe5 Nf5 8.
Qe2 Nd4 9.Nxd4 Qxd4 10.Rd1 Bg4 11.Rxd4 Bxe2 12.Nc3 Bh5 13.Bg5 Bc5 14.Rc4 
Be7 15.Be3 Bg6 16.Ne2 h5 17.f4 O-O-O 18.a3 Kb8 19.Re1 h4 20.Kf2 Bf5 21.Nd4
Bc8 22.Nf3 Be6 23.Rd4 h3 24.g3 c5 25.Rxd8+ Rxd8 26.Nd2 Bf5 27.Rc1 f6 28.
exf6 Bxf6 29.c3 b6 30.Kf3 Re8 31.Re1 Bd7 32.Kf2 Kb7 33.Nf3 Ka6 34.Rd1 Bg4 
35.Rd2 Kb5 36.Ne1 a5 37.Nd3 a4 38.Nc1 Kc4 39.Nd3 Bf5 40.Nc1 b5 41.Re2 Bg4 
42.Rd2 Rd8 43.Rxd8 Bxd8 44.Ke1 Bf6 45.Kd2 Bf5 46.g4 Bxg4 47.Nd3 Bf5 48.
Nxc5 Be7 49.Nb7 c5 50.Na5+ Kd5 51.b3 axb3 52.Nxb3 Bd6 53.Nc1 Kc4 54.Ne2 
Kb3 55.Bd4 cxd4 56.Nxd4+ Kb2 57.Nxf5 Bxf4+ 58.Ke2 Bxh2 59.Kf2 g5 60.Ne3 
Kxc3 0-1

[Event "VIII Festival A"]
[Site "Montecatini Terme ITA"]
[Date "1999.08.07"]
[Round "8"]
[White "Efimov, Igor"]
[Black "Sermek, Drazen"]
[Result "1-0"]
[WhiteElo "2445"]
[BlackElo "2545"]
[PlyCount "51"]
[EventDate "1999.07.31"]

1.d4 Nf6 2.c4 c5 3.d5 b5 4.Nd2 bxc4 5.e4 d6 6.Ne2 Nbd7 7.Nc3 g6 8.Nxc4 Bg7
9.Be2 O-O 10.O-O Nb6 11.Bg5 Rb8 12.Ne3 Bd7 13.a4 Qc7 14.f4 a5 15.Kh1 h6 
16.Bh4 Na8 17.Nc4 g5 18.fxg5 hxg5 19.Bxg5 Rb4 20.e5 Ng4 21.Bxe7 Nxe5 22.
Bxd6 Nxc4 23.Bxc7 Nxb2 24.Qd2 Nxc7 25.d6 Ne6 26.Nd5 1-0

[Event "VIII Festival A"]
[Site "Montecatini Terme ITA"]
[Date "1999.08.07"]
[Round "8"]
[White "Everet, Alexandro"]
[Black "Mantovani, Renzo"]
[Result "0-1"]
[WhiteElo "2294"]
[BlackElo "2419"]
[PlyCount "160"]
[EventDate "1999.07.31"]

1.d4 Nf6 2.c4 c5 3.Nf3 e6 4.a3 b6 5.Nc3 cxd4 6.Nxd4 Bb7 7.f3 a6 8.e4 Qc7 
9.Be3 d6 10.Be2 Be7 11.O-O Nbd7 12.Rc1 O-O 13.Qd2 Rac8 14.Rfd1 Rfe8 15.Qe1
Qb8 16.Qf2 Bd8 17.Bf1 Ne5 18.b3 Bc7 19.Nc2 Ned7 20.g3 Bd8 21.Qd2 Bc7 22.
Bg2 h6 23.Nd4 Bd8 24.Nde2 Be7 25.Ra1 Bf8 26.Kh1 Rcd8 27.Bf4 Ne5 28.Qd4 
Nxf3 29.Bxf3 e5 30.Qd3 exf4 31.gxf4 b5 32.Nd5 Nd7 33.Nec3 Nc5 34.Qc2 bxc4 
35.bxc4 Qc8 36.Rg1 Kh8 37.Rab1 Bc6 38.Rbe1 Qd7 39.Nf6 Qb7 40.Nxe8 Rxe8 41.
Nd5 Ne6 42.Qc3 Rc8 43.Bg4 Re8 44.Qg3 Nc5 45.Qf3 Qb2 46.Bh5 g6 47.f5 Bxd5 
48.cxd5 gxh5 49.e5 Qd4 50.Rg2 Rxe5 51.Reg1 Qxd5 52.Qg3 f6 53.Qg6 Nd7 54.h4
Rxf5 55.Kh2 Rf4 56.Qg3 Qc4 57.Kh3 Qe6+ 58.Kh2 Rg4 59.Qf2 Ne5 60.Rf1 Bg7 
61.Kh1 f5 62.Qxf5 Rxh4+ 63.Kg1 Qxf5 64.Rxf5 Kh7 65.Rc2 Rg4+ 66.Kh1 Kg6 67.
Rf1 h4 68.Rb1 Nf3 69.Rf2 Rg3 70.Rbf1 Ng5 71.a4 Be5 72.Rc2 h5 73.a5 h3 74.
Rc6 Nf3 75.Rd1 Kf5 76.Rcxd6 Bxd6 77.Rd5+ Ne5 78.Rxd6 Ra3 79.Rd8 Ng4 80.
Rf8+ Kg5 0-1

[Event "VIII Festival A"]
[Site "Montecatini Terme ITA"]
[Date "1999.08.07"]
[Round "8"]
[White "Farago, Ivan"]
[Black "De Gleria, Francesco"]
[Result "1/2-1/2"]
[WhiteElo "2512"]
[BlackElo "2422"]
[PlyCount "142"]
[EventDate "1999.07.31"]

1.d4 Nf6 2.c4 g6 3.Nc3 Bg7 4.e4 d6 5.Be2 O-O 6.Nf3 e5 7.O-O Nc6 8.d5 Ne7 
9.b4 Nh5 10.Re1 Nf4 11.Bf1 a5 12.bxa5 Rxa5 13.a4 c5 14.Nd2 Ra6 15.Ra3 Kh8 
16.Nb5 Ng8 17.Nf3 h5 18.Bxf4 exf4 19.e5 dxe5 20.Nxe5 Qg5 21.Nd3 b6 22.Qd2 
Bh6 23.Ne5 Qf6 24.Qd1 Ra8 25.Bd3 Bg7 26.d6 Bf5 27.Bxf5 Qxf5 28.Nc6 Qd7 29.
Ne7 Rae8 30.Rd3 Nf6 31.h3 Ra8 32.Nd5 Nxd5 33.Rxd5 Rae8 34.a5 bxa5 35.Rxc5 
Rxe1+ 36.Qxe1 a4 37.Rc7 Qf5 38.d7 f3 39.Nd6 Qg5 40.g3 Qf6 41.Nxf7+ Rxf7 
42.d8=Q+ Qxd8 43.Rxf7 a3 44.Ra7 Qd3 45.Qc1 Bf8 46.c5 Qf5 47.Rxa3 Bxc5 48.
Rc3 Bf8 49.h4 Bg7 50.Rb3 Qd5 51.Qe3 Qd1+ 52.Kh2 Kh7 53.Qxf3 Qxf3 54.Rxf3 
Kh6 55.Rf7 Bd4 56.f3 Be5 57.Kh3 Bg7 58.Rd7 Kh7 59.Kg2 Kh6 60.Kf2 Bf6 61.
Ke3 Bb2 62.Ke4 Bc3 63.g4 hxg4 64.fxg4 Be1 65.g5+ Kh5 66.Rh7+ Kg4 67.h5 
Kxg5 68.h6 Kh5 69.Rh8 Bh4 70.Ke5 Bg5 71.Ke6 Bxh6 1/2-1/2

[Event "VIII Festival A"]
[Site "Montecatini Terme ITA"]
[Date "1999.08.07"]
[Round "8"]
[White "Godena, Michele"]
[Black "Caposciutti, Maurizio"]
[Result "1-0"]
[WhiteElo "2490"]
[BlackElo "2305"]
[PlyCount "67"]
[EventDate "1999.07.31"]

1.e4 d6 2.d4 Nf6 3.Bd3 e5 4.c3 c6 5.Nf3 Nbd7 6.O-O Be7 7.Re1 O-O 8.Nbd2 
Re8 9.Nf1 Bf8 10.Ng3 Qc7 11.h3 b6 12.Bc2 Bb7 13.Be3 Rad8 14.Qb1 h6 15.Bb3 
c5 16.d5 g6 17.Bc4 Bg7 18.a4 a6 19.Qd3 Ra8 20.Rab1 Rf8 21.Qe2 Kh7 22.Bd3 
Ng8 23.b4 Rfc8 24.Nd2 Ne7 25.a5 c4 26.Nxc4 b5 27.Nb6 Nxb6 28.axb6 Qxc3 29.
Qd1 Rab8 30.Rc1 Qxb4 31.Rc7 Ng8 32.Ne2 Bxd5 33.exd5 e4 34.Bb1 1-0

[Event "VIII Festival A"]
[Site "Montecatini Terme ITA"]
[Date "1999.08.07"]
[Round "8"]
[White "Iotti, Pierluigi"]
[Black "Surjadnji, Aleksei"]
[Result "0-1"]
[WhiteElo "2326"]
[BlackElo "2429"]
[PlyCount "106"]
[EventDate "1999.07.31"]

1.d4 Nf6 2.Nf3 c5 3.c3 Qb6 4.Qb3 d5 5.Bf4 Nc6 6.e3 c4 7.Qxb6 axb6 8.Nbd2 
b5 9.Be2 Bf5 10.O-O b4 11.Ne5 bxc3 12.bxc3 Nxe5 13.dxe5 Ne4 14.Nxe4 Bxe4 
15.f3 Bg6 16.e4 e6 17.Be3 Ba3 18.Rfb1 O-O 19.Rxb7 Rfc8 20.Rab1 h6 21.Kf2 
Kh7 22.g4 h5 23.h3 Bc5 24.R1b2 Ra3 25.Rc2 Bf8 26.Bd4 dxe4 27.Rcb2 exf3 28.
Kxf3 Bc5 29.Bxc5 Rxc5 30.Kf4 h4 31.R7b5 Rxb5 32.Rxb5 Rxc3 33.Rb4 Rxh3 34.
Bxc4 Rc3 35.Bf1 Rc2 36.Kg5 Rf2 37.Bh3 Rxa2 38.Rb5 Bd3 39.Rb3 Bc4 40.Rc3 
Bd5 41.Bf1 Rf2 42.Bd3+ g6 43.Bc2 Kg7 44.Kxh4 Re2 45.Bb3 Rxe5 46.Bxd5 exd5 
47.Rc7 Kf6 48.Ra7 Re7 49.g5+ Ke6 50.Ra6+ Kf5 51.Rf6+ Ke4 52.Kg3 d4 53.Kf2 
Kd3 0-1

[Event "VIII Festival A"]
[Site "Montecatini Terme ITA"]
[Date "1999.08.07"]
[Round "8"]
[White "Komarov, Dimitri"]
[Black "Sarno, Spartaco"]
[Result "1-0"]
[WhiteElo "2582"]
[BlackElo "2373"]
[PlyCount "53"]
[EventDate "1999.07.31"]

1.d4 Nf6 2.c4 g6 3.Nc3 d5 4.cxd5 Nxd5 5.e4 Nxc3 6.bxc3 Bg7 7.Bb5+ c6 8.Ba4
b5 9.Bb3 b4 10.Nf3 bxc3 11.O-O O-O 12.Bg5 h6 13.Be3 Ba6 14.Re1 Nd7 15.Qc1 
Kh7 16.Qxc3 c5 17.Bd5 Rb8 18.Qa3 Qc8 19.Bf4 Rb6 20.Rac1 Qd8 21.dxc5 Bb2 
22.Qe3 Bxc1 23.Rxc1 Rb2 24.Bxh6 Re2 25.Ng5+ Kg8 26.Qa3 Qb8 27.Qxa6 1-0

[Event "VIII Festival A"]
[Site "Montecatini Terme ITA"]
[Date "1999.08.07"]
[Round "8"]
[White "Korsunsky, Yuri"]
[Black "Scalcione, Michelangelo"]
[Result "1-0"]
[WhiteElo "2418"]
[BlackElo "2177"]
[PlyCount "81"]
[EventDate "1999.07.31"]

1.d4 Nf6 2.c4 g6 3.Bg5 Bg7 4.Nc3 c5 5.d5 Qa5 6.Qd2 d6 7.e4 a6 8.Bd3 Bd7 9.
Nf3 b5 10.e5 dxe5 11.Nxe5 b4 12.Nd1 Qc7 13.Nf3 e5 14.O-O O-O 15.Re1 Re8 
16.h3 Bc8 17.Nh2 Nbd7 18.f3 Bb7 19.Nf2 Nh5 20.Bc2 Bf8 21.g4 Ng7 22.Nf1 f5 
23.Bh6 e4 24.fxe4 Ne5 25.Qe2 Qf7 26.Nh2 f4 27.Nf3 Bd6 28.b3 Nxf3+ 29.Qxf3 
Be5 30.Nd3 Bxa1 31.Rxa1 Qf6 32.Re1 g5 33.Bxg7 Qxg7 34.e5 Qe7 35.Qe4 a5 36.
e6 Qd6 37.Qe5 Qxe5 38.Rxe5 h6 39.Nxc5 Rab8 40.Bg6 Re7 41.d6 1-0

[Event "VIII Festival A"]
[Site "Montecatini Terme ITA"]
[Date "1999.08.07"]
[Round "8"]
[White "Ortega, Lexy"]
[Black "Marzano, Carlo"]
[Result "1-0"]
[WhiteElo "2499"]
[BlackElo "2233"]
[PlyCount "45"]
[EventDate "1999.07.31"]

1.d4 Nc6 2.e4 e5 3.Nf3 exd4 4.Nxd4 Bc5 5.Be3 Qf6 6.c3 Nge7 7.Bc4 O-O 8.O-O
Bb6 9.Na3 Qg6 10.Nxc6 bxc6 11.Re1 d6 12.f4 Kh8 13.f5 Qg5 14.Nc2 d5 15.Nd4 
Bxd4 16.Qxd4 Qh4 17.g3 Nxf5 18.Qc5 Qd8 19.exf5 dxc4 20.Rad1 Bd7 21.f6 gxf6
22.Bd4 Be6 23.Rf1 1-0

[Event "VIII Festival A"]
[Site "Montecatini Terme ITA"]
[Date "1999.08.07"]
[Round "8"]
[White "Quinn, Mark Peter"]
[Black "Solozhenkin, Evgeniy"]
[Result "1-0"]
[WhiteElo "2377"]
[BlackElo "2544"]
[PlyCount "111"]
[EventDate "1999.07.31"]

1.Nf3 Nf6 2.c4 e6 3.g3 d5 4.Bg2 c5 5.cxd5 exd5 6.d4 Nc6 7.O-O Be7 8.Nc3 
O-O 9.Bg5 cxd4 10.Nxd4 h6 11.Be3 Re8 12.h3 Bf8 13.Qd2 Na5 14.b3 Bb4 15.Qd3
Bd7 16.Rfc1 a6 17.Kh2 Bxc3 18.Rxc3 Ne4 19.Rcc1 Nc6 20.Nxc6 bxc6 21.Qd4 Qb8
22.Bf4 Qb5 23.f3 Ng5 24.Bxg5 hxg5 25.e4 Qb7 26.Rc5 Be6 27.Rac1 Rad8 28.e5 
Bd7 29.f4 Qb8 30.R5c3 Re6 31.Rf1 Rde8 32.h4 gxf4 33.Bh3 Rxe5 34.Bxd7 Re4 
35.Qg1 fxg3+ 36.Qxg3 Rxh4+ 37.Kg2 Re2+ 38.Kf3 Qxg3+ 39.Kxg3 Rhh2 40.Bh3 
Rxa2 41.Rxc6 Rhb2 42.Rf3 a5 43.Rc8+ Kh7 44.Bf1 f5 45.Rcc3 a4 46.bxa4 Rxa4 
47.Rxf5 d4 48.Rcf3 Rb7 49.Rh5+ Kg8 50.Bb5 Rb4 51.Bc6 g6 52.Rg5 Rc7 53.Rf6 
d3 54.Rfxg6+ Kh7 55.Bd5 Rb8 56.Be4 1-0

[Event "VIII Festival A"]
[Site "Montecatini Terme ITA"]
[Date "1999.08.07"]
[Round "8"]
[White "Razuvaev, Yuri S."]
[Black "Goloshchapov, Alexander"]
[Result "1/2-1/2"]
[WhiteElo "2559"]
[BlackElo "2519"]
[PlyCount "37"]
[EventDate "1999.07.31"]

1.d4 d5 2.c4 c6 3.Nf3 Nf6 4.Nc3 e6 5.Bg5 h6 6.Bxf6 Qxf6 7.e3 Nd7 8.Bd3 
dxc4 9.Bxc4 g6 10.O-O Bg7 11.Rc1 O-O 12.e4 e5 13.d5 Nb6 14.dxc6 bxc6 15.
Be2 Rd8 16.Qc2 Be6 17.b3 a5 18.Nb1 Rdc8 19.Nbd2 1/2-1/2

[Event "VIII Festival A"]
[Site "Montecatini Terme ITA"]
[Date "1999.08.07"]
[Round "8"]
[White "Sax, Gyula"]
[Black "Iordachescu, Viorel"]
[Result "1/2-1/2"]
[WhiteElo "2588"]
[BlackElo "2553"]
[PlyCount "56"]
[EventDate "1999.07.31"]

1.e4 g6 2.d4 Bg7 3.Nc3 c6 4.f4 d5 5.e5 Nh6 6.Be2 f6 7.Be3 Qb6 8.Rb1 O-O 9.
g4 a5 10.h3 Nf7 11.Qd2 fxe5 12.fxe5 e6 13.Nf3 Qd8 14.Nd1 c5 15.c3 a4 16.
O-O Nc6 17.Nf2 Qa5 18.Qd1 b6 19.Nd3 Ba6 20.Bd2 Bc4 21.b3 axb3 22.axb3 Bxd3
23.Bxd3 Qa7 24.Qe2 Qe7 25.Bb5 Na7 26.Bd3 Nc6 27.Bb5 Na7 28.Bd3 Nc6 1/2-1/2

[Event "VIII Festival A"]
[Site "Montecatini Terme ITA"]
[Date "1999.08.07"]
[Round "8"]
[White "Tocchioni, Doriano"]
[Black "Manca, Federico"]
[Result "0-1"]
[WhiteElo "2240"]
[BlackElo "2373"]
[PlyCount "112"]
[EventDate "1999.07.31"]

1.d4 c5 2.d5 e5 3.e4 d6 4.Nc3 Nf6 5.h3 Be7 6.Bb5+ Nbd7 7.a4 O-O 8.Nf3 Ne8 
9.Bd3 a6 10.O-O g6 11.Bh6 Ng7 12.g4 b6 13.Kh2 Kh8 14.Rg1 Nf6 15.Rg3 Ng8 
16.Bxg7+ Kxg7 17.Qd2 h6 18.Nd1 Bg5 19.Nxg5 hxg5 20.Ne3 Nh6 21.Kg2 Rh8 22.
b4 Qf6 23.Rf3 Qe7 24.Qc3 Bd7 25.Be2 Ng8 26.Nc4 Rb8 27.Ne3 Nf6 28.Bd3 Rh4 
29.Rg3 Rbh8 30.f3 Bc8 31.Bf1 Nd7 32.bxc5 Nxc5 33.Nc4 b5 34.axb5 axb5 35.
Ne3 Bd7 36.Ra7 Qf6 37.Nd1 b4 38.Qe3 Ba4 39.Qd2 Qf4 40.Qxb4 Qc1 41.Nf2 Qxc2
42.Kg1 Rd8 43.Rg2 Rhh8 44.Nd3 Nxd3 45.Rxc2 Nxb4 46.Rc4 Nxd5 47.exd5 Bb3 
48.Rcc7 Bxd5 49.Kg2 Rc8 50.Bb5 Rxc7 51.Rxc7 Rb8 52.Be2 Rb2 53.Kf1 e4 54.
fxe4 Bxe4 55.Rd7 d5 56.Rd6 Rb3 0-1

[Event "VIII Festival A"]
[Site "Montecatini Terme ITA"]
[Date "1999.08.07"]
[Round "8"]
[White "Tomescu, Vlad"]
[Black "Lanzani, Mario"]
[Result "1/2-1/2"]
[WhiteElo "2453"]
[BlackElo "2403"]
[PlyCount "98"]
[EventDate "1999.07.31"]

1.e4 c5 2.Nf3 e6 3.d4 cxd4 4.Nxd4 Nc6 5.Nc3 Qc7 6.Be3 a6 7.Bd3 Nf6 8.O-O 
Bd6 9.h3 b5 10.Nb3 Bf4 11.Bxf4 Qxf4 12.Qe2 O-O 13.a3 d6 14.Rad1 e5 15.Nd5 
Nxd5 16.exd5 Ne7 17.Na5 Qg5 18.Qe3 Qxe3 19.fxe3 f5 20.e4 f4 21.b3 g5 22.
Be2 Kg7 23.c4 bxc4 24.bxc4 Ng8 25.Rb1 Nf6 26.Bd3 Nd7 27.Be2 Nc5 28.Bf3 h5 
29.Bxh5 Nxe4 30.Rfe1 Nc5 31.Rb6 Rf6 32.Reb1 Bf5 33.Rb8 Bxb1 34.Rxa8 Rf8 
35.Ra7+ Kh6 36.Bg4 Rb8 37.Nc6 Rb7 38.Ra8 Bg6 39.Nb4 Rb6 40.Bc8 Bd3 41.Bxa6
Nxa6 42.Rxa6 Rxa6 43.Nxa6 Bxc4 44.Nc7 Bb3 45.Nb5 Bxd5 46.Nxd6 g4 47.hxg4 
Kg5 48.a4 Kxg4 49.a5 f3 1/2-1/2

[Event "VIII Festival A"]
[Site "Montecatini Terme ITA"]
[Date "1999.08.07"]
[Round "8"]
[White "Wall, Gavin"]
[Black "Naumkin, Igor"]
[Result "1/2-1/2"]
[WhiteElo "2353"]
[BlackElo "2489"]
[PlyCount "76"]
[EventDate "1999.07.31"]

1.e4 e6 2.d4 d5 3.e5 c5 4.c3 Nc6 5.Nf3 Qb6 6.a3 c4 7.Nbd2 Bd7 8.b3 cxb3 9.
Nxb3 Na5 10.Nxa5 Qxa5 11.Bd2 Qa4 12.Qb1 Rb8 13.Bd3 h6 14.O-O Ne7 15.Rc1 
Qc6 16.c4 dxc4 17.Rxc4 Qb6 18.Qe1 a6 19.Ba5 Qa7 20.Bc7 Rc8 21.Bd6 Rxc4 22.
Bxc4 Bc6 23.Rc1 Qa8 24.Qc3 Qd8 25.Nd2 Nf5 26.Bxf8 Kxf8 27.d5 exd5 28.Bxa6 
g6 29.Bd3 d4 30.Qc5+ Kg7 31.Be4 d3 32.Rd1 Qd7 33.Qc3 Rd8 34.Kf1 Kg8 35.
Bxc6 bxc6 36.Ne4 Qe7 37.Rxd3 Rxd3 38.Qxd3 Qxe5 1/2-1/2

[Event "VIII Festival A"]
[Site "Montecatini Terme ITA"]
[Date "1999.08.07"]
[Round "8"]
[White "Zueger, Beat"]
[Black "Mola, Pietro"]
[Result "1/2-1/2"]
[WhiteElo "2434"]
[BlackElo "2203"]
[PlyCount "67"]
[EventDate "1999.07.31"]

1.c4 e5 2.g3 d6 3.Bg2 g6 4.Nc3 Bg7 5.e3 Nf6 6.Nge2 O-O 7.d4 Nbd7 8.b3 Re8 
9.Bb2 c6 10.d5 c5 11.e4 Nh5 12.Qc2 Rf8 13.O-O f5 14.exf5 gxf5 15.f4 Ndf6 
16.Rae1 Ng4 17.Nd1 Bd7 18.Qd2 Qe8 19.fxe5 dxe5 20.d6 Qg6 21.Qd5+ Kh8 22.
Qxc5 f4 23.h3 Rac8 24.Qa5 Bc6 25.hxg4 Bxg2 26.gxh5 Qxh5 27.Kxg2 f3+ 28.Kg1
fxe2 29.Rxf8+ Rxf8 30.Nf2 Qf3 31.Nh1 Rf5 32.Qd8+ Rf8 33.Qa5 Rf5 34.Qd8+ 
1/2-1/2

[Event "VIII Festival A"]
[Site "Montecatini Terme ITA"]
[Date "1999.08.08"]
[Round "9"]
[White "Horvath, Jozsef"]
[Black "Korsunsky, Yuri"]
[Result "1-0"]
[WhiteElo "2526"]
[BlackElo "2418"]
[PlyCount "85"]
[EventDate "1999.07.31"]

1.d4 f5 2.g3 Nf6 3.Bg2 e6 4.c4 c6 5.Nh3 Bb4+ 6.Nd2 d5 7.Qc2 O-O 8.O-O Qe7 
9.Nf4 Bd6 10.Nd3 b6 11.f3 Nbd7 12.e4 e5 13.exf5 exd4 14.Re1 Qf7 15.cxd5 
cxd5 16.Nb3 Ba6 17.Nxd4 Rac8 18.Qd1 Rfe8 19.Bf4 Bc5 20.Nxc5 bxc5 21.Ne6 
Nh5 22.Qxd5 Nb6 23.Qd6 Bb7 24.g4 Nxf4 25.Qxf4 c4 26.Rad1 Nd5 27.Qd6 c3 28.
bxc3 Nxc3 29.Rd2 Qf6 30.Qe5 Re7 31.Qxf6 gxf6 32.f4 Ba6 33.Kf2 Bc4 34.a3 a5
35.Re3 Na4 36.Rd6 Nb2 37.Rd2 Na4 38.Kg3 Nc5 39.Bd5 Nxe6 40.Bxc4 Rxc4 41.
fxe6 h5 42.Rd7 Kf8 43.gxh5 1-0

[Event "VIII Festival A"]
[Site "Montecatini Terme ITA"]
[Date "1999.08.08"]
[Round "9"]
[White "Iordachescu, Viorel"]
[Black "Efimov, Igor"]
[Result "1-0"]
[WhiteElo "2553"]
[BlackElo "2445"]
[PlyCount "59"]
[EventDate "1999.07.31"]

1.e4 c5 2.Nf3 d6 3.d4 Nf6 4.Nc3 cxd4 5.Nxd4 Bd7 6.Bg5 Nc6 7.Qd2 Rc8 8.Nb3 
e6 9.O-O-O a6 10.f4 b5 11.Kb1 Qc7 12.Bd3 Be7 13.Qe1 h6 14.Bh4 O-O 15.g4 
Nb4 16.g5 Nh7 17.gxh6 Bxh4 18.Qxh4 g6 19.Qf2 f6 20.Rhg1 Be8 21.f5 exf5 22.
exf5 g5 23.h4 Bf7 24.hxg5 Nxg5 25.h7+ Kh8 26.Rxg5 Bxb3 27.Rg4 Nxd3 28.Rxd3
Bc4 29.Rh3 Qc5 30.Qg2 1-0

[Event "VIII Festival A"]
[Site "Montecatini Terme ITA"]
[Date "1999.08.08"]
[Round "9"]
[White "Lagumina, Giulio"]
[Black "Tomescu, Vlad"]
[Result "0-1"]
[WhiteElo "2281"]
[BlackElo "2453"]
[PlyCount "58"]
[EventDate "1999.07.31"]

1.d4 b5 2.e4 Bb7 3.Nd2 a6 4.Ngf3 e6 5.Bd3 c5 6.c3 d6 7.O-O Nf6 8.Qe2 Be7 
9.e5 dxe5 10.dxe5 Nd5 11.Ne4 c4 12.Bc2 Nd7 13.Bg5 Qc7 14.Bxe7 Kxe7 15.Rae1
Nxe5 16.Nxe5 Qxe5 17.f4 Qc7 18.f5 e5 19.f6+ gxf6 20.Qf2 Rag8 21.Nxf6 Rxg2+
22.Kxg2 Nf4+ 23.Kg3 Kxf6 24.Be4 Ke6 25.Qe3 Rg8+ 26.Kf3 f5 27.Qxf4 exf4 28.
Bxb7+ Kd6 29.Rd1+ Kc5 0-1

[Event "VIII Festival A"]
[Site "Montecatini Terme ITA"]
[Date "1999.08.08"]
[Round "9"]
[White "Lputian, Smbat G."]
[Black "Komarov, Dimitri"]
[Result "1-0"]
[WhiteElo "2625"]
[BlackElo "2582"]
[PlyCount "81"]
[EventDate "1999.07.31"]

1.d4 e6 2.c4 Nf6 3.Nf3 b6 4.g3 Ba6 5.b3 Bb4+ 6.Bd2 Be7 7.Bg2 c6 8.Bc3 d5 
9.Nbd2 Nbd7 10.O-O O-O 11.Rc1 Rc8 12.Rc2 c5 13.Qa1 dxc4 14.Nxc4 b5 15.Ne3 
Bb7 16.a4 bxa4 17.bxa4 cxd4 18.Nxd4 Bxg2 19.Kxg2 Nb6 20.Rfc1 Nfd5 21.Nxd5 
Qxd5+ 22.Nf3 Qe4 23.a5 Nd5 24.Qa2 Bg5 25.Bd2 Nb4 26.Rxc8 Nxa2 27.R1c4 Qxe2
28.Bxg5 f6 29.Be3 g5 30.h4 h6 31.Bxa7 Rxc8 32.Rxc8+ Kf7 33.Rc7+ Ke8 34.Nd4
Qe4+ 35.f3 Qe1 36.Bc5 gxh4 37.gxh4 Kd8 38.Bb6 Ke8 39.a6 Qxh4 40.a7 Qg5+ 
41.Kf1 1-0

[Event "VIII Festival A"]
[Site "Montecatini Terme ITA"]
[Date "1999.08.08"]
[Round "9"]
[White "Sarno, Spartaco"]
[Black "Badea, Bela"]
[Result "0-1"]
[WhiteElo "2373"]
[BlackElo "2479"]
[PlyCount "80"]
[EventDate "1999.07.31"]

1.c4 g6 2.g3 Bg7 3.Bg2 e5 4.Nc3 d6 5.d3 Ne7 6.e3 O-O 7.Nge2 c6 8.O-O Be6 
9.b3 d5 10.Ba3 Re8 11.Qc2 Na6 12.Rfd1 Qa5 13.Qb2 Nb4 14.Na4 c5 15.cxd5 
Nexd5 16.Rac1 b6 17.h3 e4 18.Qd2 exd3 19.Bxb4 Nxb4 20.Nf4 Rad8 21.Nxe6 
Rxe6 22.a3 Nc6 23.Qa2 Red6 24.Rd2 h5 25.Bf3 c4 26.Rxc4 Ne5 27.Rf4 Bh6 28.
Bd1 Bxf4 29.gxf4 Nd7 30.b4 Qf5 31.Bb3 Nf8 32.Kh2 Ne6 33.Qb2 Rc8 34.f3 Rdc6
35.Kg3 h4+ 36.Kg2 Kh7 37.Qb1 Rc1 38.Qxd3 Qxd3 39.Rxd3 b5 40.Rd7 bxa4 0-1

[Event "VIII Festival A"]
[Site "Montecatini Terme ITA"]
[Date "1999.08.08"]
[Round "9"]
[White "Scalcione, Michelangelo"]
[Black "Rodkin, Rafael"]
[Result "0-1"]
[WhiteElo "2177"]
[BlackElo "2240"]
[PlyCount "92"]
[EventDate "1999.07.31"]

1.Nf3 d5 2.d4 Nf6 3.c4 e6 4.Nc3 c6 5.Qb3 Be7 6.Bf4 O-O 7.e3 Nbd7 8.h4 dxc4
9.Bxc4 b5 10.Bxe6 fxe6 11.Qxe6+ Kh8 12.Qxc6 Qb6 13.Qxb5 Qxb5 14.Nxb5 Bb4+ 
15.Ke2 Ba6 16.a4 Nd5 17.Bg3 N7b6 18.b3 Nc3+ 19.Kf1 Nxb5 20.axb5 Bxb5+ 21.
Kg1 a5 22.Kh2 Rac8 23.Rac1 Nd5 24.Ne5 Nc3 25.f3 Ne2 26.Rxc8 Rxc8 27.Bf2 
Rc2 28.h5 Nc1 29.Kh3 Nxb3 30.Bh4 Rc1 31.Rh2 a4 32.g3 a3 33.Ra2 Rc8 34.d5 
Kg8 35.e4 Nc1 36.Ra1 a2 37.Kg4 Bc3 38.Rxc1 a1=Q 39.Rxa1 Bxa1 40.f4 Re8 41.
Kf5 Bc3 42.h6 g6+ 43.Kg5 Rxe5+ 44.fxe5 Bxe5 45.d6 Kf7 46.g4 Bf6+ 0-1

[Event "VIII Festival A"]
[Site "Montecatini Terme ITA"]
[Date "1999.08.08"]
[Round "9"]
[White "Solozhenkin, Evgeniy"]
[Black "Bocchicchio, Gaetano"]
[Result "1-0"]
[WhiteElo "2544"]
[BlackElo "2209"]
[PlyCount "33"]
[EventDate "1999.07.31"]

1.d4 e5 2.dxe5 Nc6 3.Nf3 Qe7 4.Bf4 f6 5.exf6 Qxf6 6.Qc1 d5 7.e3 Bg4 8.Be2 
Nge7 9.Bxc7 Rc8 10.Bg3 Nb4 11.Nc3 Bf5 12.Nd4 Qg6 13.O-O Nxc2 14.Nxf5 Qxf5 
15.e4 Nd4 16.exf5 Nxe2+ 17.Nxe2 1-0

[Event "I Festival A"]
[Site "Gubbio ITA"]
[Date "1999.07.28"]
[Round "2"]
[White "Gaggiottini, Manfredo"]
[Black "Tacchi, Fabio"]
[Result "1-0"]
[WhiteElo "2083"]
[BlackElo "1711"]
[PlyCount "45"]
[EventDate "1999.07.28"]

1.e4 c5 2.Nf3 d6 3.d4 cxd4 4.Nxd4 Nf6 5.Nc3 g6 6.f4 Bg7 7.e5 Nh5 8.Bb5+ 
Bd7 9.g4 Nxf4 10.Bxf4 dxe5 11.Be3 exd4 12.Bxd4 Bxd4 13.Qxd4 O-O 14.O-O-O 
Qc7 15.Nd5 Qd6 16.Rhe1 Bxb5 17.Nxe7+ Qxe7 18.Rxe7 Nc6 19.Qc5 Nxe7 20.Qxb5 
Rab8 21.Rd7 a6 22.Qb6 Rfe8 23.Qf6 1-0

[Event "I Festival A"]
[Site "Gubbio ITA"]
[Date "1999.07.28"]
[Round "2"]
[White "Luciani, Valerio"]
[Black "Tomba, Ivan"]
[Result "1-0"]
[WhiteElo "2229"]
[BlackElo "2010"]
[PlyCount "75"]
[EventDate "1999.07.28"]

1.d4 Nf6 2.c4 g6 3.Nc3 Bg7 4.Nf3 d6 5.g3 O-O 6.Bg2 c5 7.O-O Nc6 8.d5 Na5 
9.Nd2 a6 10.Qc2 Rb8 11.b3 b5 12.Bb2 e6 13.e4 bxc4 14.bxc4 exd5 15.cxd5 Re8
16.h3 Nd7 17.Nd1 Bxb2 18.Nxb2 Qf6 19.Rab1 Rb4 20.Nbc4 Nxc4 21.Nxc4 Rxb1 
22.Rxb1 Ne5 23.Qc3 Qe7 24.Nxe5 Qxe5 25.Qxe5 dxe5 26.Rc1 Bd7 27.Rxc5 Bb5 
28.Bf1 Bxf1 29.Kxf1 Kf8 30.Rc6 Ra8 31.Ke2 Ke8 32.f4 exf4 33.gxf4 Kd7 34.a4
a5 35.Rc5 Kd6 36.Rb5 Ra7 37.Kd3 Ra8 38.Kd4 1-0

[Event "I Festival A"]
[Site "Gubbio ITA"]
[Date "1999.07.29"]
[Round "3"]
[White "Naumkin, Igor"]
[Black "Luciani, Valerio"]
[Result "1-0"]
[WhiteElo "2489"]
[BlackElo "2229"]
[PlyCount "75"]
[EventDate "1999.07.28"]

1.d4 f5 2.Nf3 g6 3.Bf4 d6 4.Nbd2 Nf6 5.h3 Bg7 6.e3 O-O 7.Bd3 Qe8 8.Bh2 Nc6
9.c3 e5 10.dxe5 dxe5 11.Bb5 Nh5 12.Bxc6 Qxc6 13.Nxe5 Qxg2 14.Qb3+ Kh8 15.
O-O-O Bf6 16.Ndf3 Qxf2 17.Rhe1 Qg2 18.Bf4 Nxf4 19.exf4 Qf2 20.h4 Bxe5 21.
Nxe5 Qxf4+ 22.Kb1 Kg7 23.h5 a5 24.hxg6 hxg6 25.Qa3 Re8 26.Qc5 c6 27.Nxg6 
Rxe1 28.Nxf4 Rxd1+ 29.Kc2 Re1 30.Qd6 Kf7 31.Qg6+ Ke7 32.Qg7+ Kd8 33.Nd3 
Re7 34.Qf8+ Kd7 35.Nc5+ Kd6 36.Na4 Rb8 37.Qh6+ Kd7 38.Qf4 1-0

[Event "I Festival A"]
[Site "Gubbio ITA"]
[Date "1999.07.29"]
[Round "3"]
[White "Viaggi, Stefano"]
[Black "Campini, Marco"]
[Result "0-1"]
[WhiteElo "1716"]
[BlackElo "2175"]
[PlyCount "72"]
[EventDate "1999.07.28"]

1.d4 d5 2.Nf3 Nf6 3.Bg5 Nbd7 4.e3 e6 5.Nbd2 Be7 6.Bd3 O-O 7.Ne5 c5 8.c3 
Nxe5 9.dxe5 Ne8 10.h4 f5 11.f4 Bd7 12.Nf3 Nc7 13.h5 Bc6 14.Qe2 b5 15.Rd1 
a5 16.Rh3 b4 17.Qf2 bxc3 18.bxc3 Bxg5 19.Nxg5 Qe7 20.h6 g6 21.g4 Rab8 22.
gxf5 exf5 23.Qg1 Kh8 24.Rh2 Rb6 25.Kf2 d4 26.c4 Rfb8 27.exd4 cxd4 28.Kg3 
Rd8 29.e6 Kg8 30.Re2 Ba4 31.Rde1 Qa3 32.Rd2 Qc3 33.Qf2 Re8 34.Kh2 Nxe6 35.
Nxe6 Rexe6 36.Rxe6 Rxe6 0-1